Music Quiz

Random Music or Popular Quiz

2000s Lyric Match II Quiz Stats

 Plays Quiz Updated Nov 24, 2015

Support Sporcle.
Go Orange.
Score 0/24 Timer 06:00
1 Play Today
% Correct
I Kissed A Girl - Katy Perry
96.2%
Hot in Herre - Nelly
88.4%
Love Song - Sara Bareilles
86.8%
Poker Face - Lady Gaga
86.8%
Girlfriend - Avril Lavigne
85%
Candy Shop - 50 Cent ft. Olivia
84.1%
Boom Boom Pow - Black Eyed Peas
82.7%
So What - Pink
80.4%
How You Remind Me - Nickelback
77.9%
Irreplaceable - Beyoncé
74.2%
In The End - Linkin Park
72.6%
Drop It Like It's Hot - Snoop Dogg ft. Pharrell Williams
71.5%
% Correct
Bubbly - Colbie Caillat
70.7%
Toxic - Britney Spears
70%
Get Low - Lil Jon & the East Side Boyz ft. Ying Yang Twins
66.3%
Gold Digger - Kanye West ft. Jamie Foxx
65.5%
Ignition (Remix) - R. Kelly
64.6%
Right Thurr - Chingy
59%
No One - Alicia Keys
54.8%
SexyBack - Justin Timberlake
54%
Get Busy - Sean Paul
53.1%
Lean Back - Terror Squad ft. Fat Joe & Remy Ma
49.3%
Run It! - Chris Brown
40.4%
The Way I Are - Timbaland ft. Keri Hilson & D.O.E.
35.8%

You're not logged in!

Compare scores with friends on all Sporcle quizzes.
OR
Log In
Forgot?

From the Vault

Eliminate Your Options: Science Edition

by senordingdong

Science 6m
The process of elimination got us through way too many science courses.
Remove Ads.
Support Sporcle.
Get the best of Sporcle when you Go Orange. This ad-free experience offers more features, more stats, and more fun while also helping to support Sporcle. Thank you for becoming a member.

Show Comments

Extras

Top Quizzes Today


Score Distribution

Your Account Isn't Verified!

In order to create a playlist on Sporcle, you need to verify the email address you used during registration. Go to your Sporcle Settings to finish the process.

Report this User

Report this user for behavior that violates our Community Guidelines.

Details: